| 000 | 00900nam a2200277 i 4500 | ||
|---|---|---|---|
| 001 | 24505 | ||
| 003 | Mx-PuUPA | ||
| 005 | 20250922152054.0 | ||
| 008 | 140415s1967 mx a gr 001 0 spa d | ||
| 040 |
_cMx-PuUPA _aMx-PuUPA _bspa _dMx-PuUPA _erda |
||
| 041 | 0 | _aspa | |
| 043 |
_2mx-mxbn _bn-mx-pu |
||
| 100 | 1 |
_aRivero Carvallo, José, _eautor _95571 |
|
| 245 | 1 | 3 |
_aCiudad de los Ángeles / _cJosé Rivero Carvallo |
| 250 | 3 |
_aTercera edición / _baumentada |
|
| 264 | 3 |
_aPuebla, México : _bImpresos López, _c1967 |
|
| 300 |
_a278 páginas : _bilustraciones ; _c23 cm |
||
| 336 |
_2rdacontent _atexto _btxt |
||
| 337 |
_2rdamedia _asin medio _bn |
||
| 338 |
_2rdacarrier _avolumen _bnc |
||
| 651 | 4 |
_aPuebla de Zaragoza (México) _xHistoria |
|
| 942 |
_2ddc _cLI _h972.48 _iR66 |
||
| 999 |
_c24505 _d24505 |
||